Data Structures made easy / (Record no. 40106)

MARC details
000 -LEADER
fixed length control field 00721nam a22002057a 4500
005 - DATE AND TIME OF LATEST TRANSACTION
control field 20100806154617.0
010 ## - LCCN (DPL NO)
LC control number ENG-98946
020 ## - INTERNATIONAL STANDARD BOOK NUMBER
Terms of availability 195.00
International Standard Book Number 8189713035
035 ## - SYSTEM CONTROL NUMBER
System control number EN-82478
037 ## - SOURCE OF ACQUISITION
Source of stock number/acquisition DBAD/PUB
082 ## - DEWEY DECIMAL CLASSIFICATION NUMBER
Classification number 001.642
100 ## - MAIN ENTRY--PERSONAL NAME
Personal name Arulselvi, A. Christiyana
245 ## - TITLE STATEMENT
Title Data Structures made easy /
Statement of responsibility, etc by A. Christiyana Arulselvi
260 ## - PUBLICATION, DISTRIBUTION, ETC. (IMPRINT)
Place of publication, distribution, etc Dindigul
Name of publisher, distributor, etc Peace Trust
Date of publication, distribution, etc 2008
270 ## - ADDRESS
Address Newed Pulication H2/30, R. M. Colony
City Dindigul
Postal code 624001
300 ## - PHYSICAL DESCRIPTION
Extent ix, 199 p.
Dimensions 22 cm. (Pbk)
700 ## - ADDED ENTRY--PERSONAL NAME
9 (RLIN) 7380
942 ## - ADDED ENTRY ELEMENTS (KOHA)
Source of classification or shelving scheme Dewey Decimal Classification
Item type English Books
Classification part 001.642
Call number suffix ARU
Holdings
Withdrawn status Lost status Not for loan Collection code Home library Current library Date acquired Cost, normal purchase price Full call number Barcode Copy number Cost, replacement price Koha item type
    Not For Loan Non-fiction D.B.Act.Division D.B.Act.Division 07/08/2010 195.00 001.642 ARU EN-82478 1 195.00 English Books

© Delhi Public Library
Hit Counter
free hit counter